Holiday Quiz

Random Holiday or Letter Quiz
Score 0/20 Timer 05:00
0 Plays Today
Clue Halloween Costume % Correct
W I Z _ _ DWizard
95.2%
V _ M P I _ _Vampire
82.2%
D I N O S _ U _Dinosaur
81.7%
P _ I N C _ S SPrincess
81.7%
S K _ L _ T O NSkeleton
81.6%
S O L D I _ _Soldier
81.2%
_ _ B B I TRabbit
80.8%
_ _ _ N K _ N S T _ I NFrankenstein
80.2%
W _ _ _ W O L _Werewolf
78.8%
M _ _ M _ I DMermaid
78.4%
Clue Halloween Costume % Correct
C _ V _ M _ NCaveman
78.4%
S U P _ _ H _ _ OSuperhero
78.1%
N U _ S _Nurse
71%
_ T H L _ T _Athlete
66.9%
_ L I _ NAlien
64.1%
P I _ _ T _Pirate
63.6%
_ I _ _ _ I G H T _ _Firefighter
58.6%
B _ L L _ _ I N _Ballerina
53.9%
B _ _ B I _Barbie
53.3%
_ _ I _ YFairy
51%
Remove Ads.
Support Sporcle.
Get the best of Sporcle when you Go Orange. This ad-free experience offers more features, more stats, and more fun while also helping to support Sporcle. Thank you for becoming a member.

You're not logged in!

Compare scores with friends on all Sporcle quizzes.
OR
Log In

Show Comments

Extras

Top Quizzes Today


Score Distribution

Your Account Isn't Verified!

In order to create a playlist on Sporcle, you need to verify the email address you used during registration. Go to your Sporcle Settings to finish the process.

Report this User

Report this user for behavior that violates our Community Guidelines.

Details: